000 00457nam a2200181Ia 4500
001 3442
005 20260306145644.0
008 260306t1992||||xx |||||||||||||| ||spa||
041 _aESP
082 _a278.385
_bD88
100 _aDomínguez, Manuel F.
_eAUT
245 0 _aLa orden franciscana seglar en el Perú:
_bpasado y presente
260 _c1992
300 _a304 páginas :
_c22 cm.
650 _aGEN
654 _aCHU
942 _cLIB
_dJUS
_fJUS
_2ddc
_n
999 _c3442
_d3442